01093nam a2200193Ia 4500001001100000003001000011008004100021040002500062041001300087100001300100245001400113250001100127260006700138300001100205500026200216501011400478520026200592650004500854L808-29976IT-CnALBA170116s9999||||xx |||||||||||||| ||und|| aIT-CnALBAcIT-CnALBA aITALIANO aEPITTETO 0aMANUALE.  a4a ed. aCINISELLO BALSAMO (MI)bEDIZIONI PAOLINEc1961 [1° Ed.: n.d.] a85 p.  aLETTERATURA MORALE. LE COSE IMPORTANTI. IL MALE. IL LIBERO ARBITRIO E LA NECESSITÀ. DI UNA REGOLA DI CONDOTTA. I DUE ASPETTI POSSIBILI DI OGNI COSA. LE TRE PARTI DELLA FILOSOFIA: ETICA, TEORETICA, LOGICA. TRADUZIONE DI G. LEOPARDI. CURATORE, GENNARO AULET aSocietà San Paolo EM - Piazza San Paolo, 14 - 12051 ALBA (CN) (non commercial uses only) ® Copyright 2017 aLETTERATURA MORALE. LE COSE IMPORTANTI. IL MALE. IL LIBERO ARBITRIO E LA NECESSITÀ. DI UNA REGOLA DI CONDOTTA. I DUE ASPETTI POSSIBILI DI OGNI COSA. LE TRE PARTI DELLA FILOSOFIA: ETICA, TEORETICA, LOGICA. TRADUZIONE DI G. LEOPARDI. CURATORE, GENNARO AULET aNARRATIVA DI VARIE LETTERATURE - ROMANZI